Indian trade classification (Based on harminised commodity description and coding system) (Record no. 41010)

MARC details
000 -LEADER
fixed length control field 00380nam a2200109Ia 4500
082 ## - DEWEY DECIMAL CLASSIFICATION NUMBER
Classification number 339(540)
Item number IND
245 #0 - TITLE STATEMENT
Title Indian trade classification (Based on harminised commodity description and coding system)
250 ## - EDITION STATEMENT
Edition statement Rev Ed
260 ## - PUBLICATION, DISTRIBUTION, ETC. (IMPRINT)
Place of publication Calcutta
Name of publisher Directorate general of commercial intelligence and statistics
Year of publication 1996
942 ## - ADDED ENTRY ELEMENTS (KOHA)
Koha item type Books
Holdings
Withdrawn status Lost status Damaged status Not for loan Home library Current library Date acquired Cost, normal purchase price Full call number Accession Number Koha item type
        RRII Library RRII Library 16/12/2021 163.00 339(540) IND 21302 Books